00804nam a2200229 i 4500001000300000100002200003245015200025260002800177650001500205655001800220700002300238700002600261700003500287040000800322041000800330080001200338942000700350008004100357999001700398856009800415952006100513bg1 aBIELECKI, Józef10aStatstyka społeczno-ekonomiczna w zadaniach /cJózef Bielecki, Wiesław Makać, Zygmunta Szymanowska ; pod red. nauk. Mirosława Krzysztofiaka. aWarszawa :bPWN,c1975. 9aStatystyka aPodręczniki1 aMAKAĆ, Wiesława1 aSZYMANOWSKA, Zygmunta1 aKRZYSZTOFIAK, Mirosław.eRed. cBPK0 apol a311(07) cKS s pl f |000 0 pol  c35540d35540 uhttp://koha.tu.koszalin.pl/cgi-bin/koha/opac-detail.pl?biblionumber=35540yKatalog online BPK 00104070aBPKbBPKcwoS 354p02326573s2013-10-10yKS